[Event "DEM U18w 2015"]
[Site "Willingen GER"]
[Date "2015.05.25"]
[Round "3"]
[White "Herbrig, Marie-Helen"]
[Black "Heinemann, Josefine"]
[Result "0-1"]
[Termination "normal"]
[Board "1"]
[WhiteElo "1799"]
[BlackElo "2317"]
[WhiteClock "00:07:41"]
[BlackClock "00:07:08"]
[PlyCount "84"]
[WhiteFideId "12900427"]
[BlackFideId "12900460"]
[EventCountry "GER"]
[EventRounds "9"]
[EventType "swiss"]
[EventDate "2015.05.23"]

1. d4 Nf6 2. c4 g6 3. Nc3 d5 4. cxd5 Nxd5 5. e4 Nxc3 6. bxc3 Bg7 7. Bc4 c5 8.
Ne2 Nc6 9. Be3 O-O 10. O-O Qc7 11. Rc1 Rd8 12. Bf4 Qd7 13. d5 Na5 14. Bd3 b5
15. Be3 Nb7 16. Rb1 a6 17. a4 c4 18. Bc2 Nd6 19. Nd4 Bb7 20. Qe1 e5 21. Ne2 f6
22. f3 Bf8 23. Qf2 bxa4 24. Ra1 a3 25. Bc5 Nb5 26. Ba4 Qf7 27. Rfb1 Bc8 28.
Bxb5 axb5 29. Rxb5 Bd7 30. Rb4 Rdc8 31. Bxf8 Qxf8 32. Nc1 f5 33. Na2 fxe4 34.
Rb7 Qe7 35. fxe4 Rf8 36. Qe3 Rf7 37. Nb4 Raf8 38. h3 Qh4 39. Rxa3 Rf1+ 40. Kh2
Bxh3 41. Qxh3 Qf4+ 42. Qg3 Qc1 0-1

[Event "DEM U18w 2015"]
[Site "Willingen GER"]
[Date "2015.05.25"]
[Round "3"]
[White "Hund, Sarah"]
[Black "Poetsch, Leonore"]
[Result "1-0"]
[Termination "normal"]
[Board "2"]
[WhiteElo "1948"]
[BlackElo "1657"]
[WhiteClock "00:47:40"]
[BlackClock "00:57:06"]
[PlyCount "49"]
[WhiteFideId "12923338"]
[BlackFideId "12940372"]
[EventCountry "GER"]
[EventRounds "9"]
[EventType "swiss"]
[EventDate "2015.05.23"]

1. e4 e6 2. d4 d5 3. Nc3 Nf6 4. e5 Nfd7 5. Nce2 c5 6. c3 Nc6 7. f4 Qb6 8. Nf3
Be7 9. a3 a5 10. Neg1 O-O 11. Bd3 f6 12. h4 Qd8 13. Bxh7+ Kxh7 14. Ng5+ fxg5
15. hxg5+ Kg8 16. Qh5 Bxg5 17. fxg5 Ne7 18. g6 Nxg6 19. Qxg6 Qe8 20. Qh7+ Kf7
21. Bh6 Rg8 22. Kd2 Nb6 23. Bg5 Nc4+ 24. Ke2 Ne3 25. Kxe3 1-0

[Event "DEM U18w 2015"]
[Site "Willingen GER"]
[Date "2015.05.25"]
[Round "3"]
[White "Siegl, Melina"]
[Black "Fesselier, Melissa"]
[Result "1-0"]
[Termination "normal"]
[Board "3"]
[WhiteElo "1946"]
[BlackElo "1927"]
[WhiteClock "00:01:52"]
[BlackClock "00:02:18"]
[PlyCount "75"]
[WhiteFideId "1272126"]
[BlackFideId "20689284"]
[EventCountry "GER"]
[EventRounds "9"]
[EventType "swiss"]
[EventDate "2015.05.23"]

1. d4 Nf6 2. c4 g6 3. Nc3 d5 4. h4 c6 5. cxd5 cxd5 6. Bf4 a6 7. e3 Nc6 8. Be2
h5 9. Nf3 Bg7 10. Ne5 Be6 11. Nxc6 bxc6 12. O-O O-O 13. Na4 Ne4 14. Bd3 Re8 15.
Rc1 Bd7 16. Bxe4 dxe4 17. Nc5 Bg4 18. Qa4 e5 19. dxe5 Bxe5 20. Bxe5 Rxe5 21.
Nxe4 Qxh4 22. Qxc6 Rd8 23. Qf6 Qxf6 24. Nxf6+ Kg7 25. Nxg4 hxg4 26. Rfd1 Rb8
27. b3 Rb6 28. g3 f5 29. Kg2 Kf6 30. Rd4 Ra5 31. Rc2 g5 32. Rdc4 Rbb5 33. Rd4
Ke5 34. Rd8 Rb4 35. Re8+ Kd6 36. Rg8 f4 37. exf4 gxf4 38. Rxg4 1-0

[Event "DEM U18w 2015"]
[Site "Willingen GER"]
[Date "2015.05.25"]
[Round "3"]
[White "Bluhm, Sonja Maria"]
[Black "Diederichs, Luise"]
[Result "1-0"]
[Termination "normal"]
[Board "4"]
[WhiteTitle "WFM"]
[WhiteElo "2198"]
[BlackElo "2076"]
[WhiteClock "00:06:32"]
[BlackClock "00:09:38"]
[PlyCount "53"]
[WhiteFideId "24654027"]
[BlackFideId "24661597"]
[EventCountry "GER"]
[EventRounds "9"]
[EventType "swiss"]
[EventDate "2015.05.23"]

1. d4 d5 2. Nc3 Nf6 3. Bf4 c6 4. e3 Bf5 5. f3 e6 6. g4 Bg6 7. h4 h6 8. Bd3 Bxd3
9. Qxd3 Bd6 10. Nh3 b5 11. a4 b4 12. Ne2 a5 13. Kf2 Na6 14. Ng3 Be7 15. g5 hxg5
16. hxg5 Nd7 17. g6 Rg8 18. gxf7+ Kxf7 19. Rag1 Bf6 20. Nh5 Nf8 21. Bg5 Bxg5
22. Nxg5+ Ke7 23. Nh7 Kd6 24. N7f6 gxf6 25. Rxg8 c5 26. Nf4 c4 27. Qf1 1-0

[Event "DEM U18w 2015"]
[Site "Willingen GER"]
[Date "2015.05.25"]
[Round "3"]
[White "Lagunow, Elina"]
[Black "Schwarz, Larissa"]
[Result "0-1"]
[Termination "normal"]
[Board "5"]
[WhiteElo "1760"]
[BlackElo "1977"]
[WhiteClock "00:29:16"]
[BlackClock "00:29:48"]
[PlyCount "83"]
[WhiteFideId "4673387"]
[BlackFideId "24699004"]
[EventCountry "GER"]
[EventRounds "9"]
[EventType "swiss"]
[EventDate "2015.05.23"]

1. Nf3 c5 2. g3 Nc6 3. Bg2 g6 4. O-O Bg7 5. d3 e5 6. c3 Nge7 7. e4 O-O 8. Nbd2
d6 9. Ne1 Kh8 10. f4 exf4 11. gxf4 f5 12. Ndf3 Be6 13. Be3 Qd7 14. Qc2 b6 15.
Ng5 Bg8 16. Qa4 h6 17. Ngf3 d5 18. e5 Nxe5 19. Qxd7 Nxd7 20. d4 Nc6 21. Ne5
Ndxe5 22. dxe5 Na5 23. b3 Rad8 24. Rd1 Rd7 25. Rf2 Rfd8 26. Rfd2 Be6 27. Nf3
Kh7 28. h4 Nc6 29. Kf2 Bf8 30. Bf1 Be7 31. Bb5 Rc7 32. Bxc6 Rxc6 33. Kg3 a5 34.
c4 d4 35. Bxd4 cxd4 36. Nxd4 Bb4 37. Rd3 Bxc4 38. bxc4 Rxc4 39. h5 Rc3 40.
hxg6+ Kxg6 41. Kf3 Rxd4 42. e6 0-1

[Event "DEM U18w 2015"]
[Site "Willingen GER"]
[Date "2015.05.25"]
[Round "3"]
[White "Greßmann, Hanna"]
[Black "Zahn, Alina"]
[Result "1/2-1/2"]
[Termination "normal"]
[Board "6"]
[WhiteElo "1717"]
[BlackElo "2056"]
[WhiteClock "00:27:39"]
[BlackClock "00:09:20"]
[PlyCount "57"]
[WhiteFideId "12930709"]
[BlackFideId "24696730"]
[EventCountry "GER"]
[EventRounds "9"]
[EventType "swiss"]
[EventDate "2015.05.23"]

1. e4 e5 2. Nf3 Nc6 3. Bc4 Nf6 4. d3 Bc5 5. c3 O-O 6. O-O d5 7. exd5 Nxd5 8.
Re1 Bg4 9. h3 Bh5 10. Nbd2 Nb6 11. b4 Be7 12. Qe2 a6 13. Bb3 Kh8 14. Ne4 Nd5
15. Bd2 Re8 16. Ng3 Bg6 17. Nxe5 Nxe5 18. Qxe5 Nf6 19. Qf4 Qxd3 20. Rad1 Bd6
21. Rxe8+ Rxe8 22. Qg5 h6 23. Qh4 Ne4 24. Bxh6 Bxg3 25. fxg3 Qxg3 26. Qxg3 Nxg3
27. Bd2 Re2 28. Bc4 Re8 29. Bb3 1/2-1/2

[Event "DEM U18w 2015"]
[Site "Willingen GER"]
[Date "2015.05.25"]
[Round "3"]
[White "Böhm, Jana"]
[Black "Braun, Kristin"]
[Result "1-0"]
[Termination "normal"]
[Board "7"]
[WhiteElo "1846"]
[BlackElo "1749"]
[PlyCount "79"]
[WhiteFideId "24661589"]
[BlackFideId "24656534"]
[EventCountry "GER"]
[EventRounds "9"]
[EventType "swiss"]
[EventDate "2015.05.23"]

1. e4 d6 2. d4 e5 3. Nf3 Qe7 4. Nc3 Nf6 5. dxe5 dxe5 6. Bg5 c6 7. h3 Nbd7 8.
Qd2 h6 9. Bh4 Qd6 10. O-O-O Qxd2+ 11. Rxd2 Bb4 12. Bd3 Bxc3 13. bxc3 Ke7 14.
Bg3 Kd6 15. Re1 Nh5 16. Bc4+ Kc5 17. Bxf7 Nxg3 18. fxg3 Rf8 19. Be6 Nf6 20.
Bxc8 Raxc8 21. Nxe5 Rcd8 22. Nd3+ Kc4 23. Kb2 Rde8 24. Rde2 Re6 25. a4 Nd7 26.
e5 c5 27. Re4+ Kd5 28. Nf4+ Rxf4 29. gxf4 g6 30. c4+ Kc6 31. g4 Nb6 32. a5 Nd7
33. f5 gxf5 34. gxf5 Re8 35. f6 b6 36. axb6 axb6 37. f7 Rf8 38. e6 Nf6 39. Rf4
Nh7 40. e7 1-0

[Event "DEM U18w 2015"]
[Site "Willingen GER"]
[Date "2015.05.25"]
[Round "3"]
[White "Rosmait, Emily"]
[Black "Wagner, Swenja"]
[Result "1-0"]
[Termination "normal"]
[Board "8"]
[WhiteElo "1928"]
[BlackElo "1619"]
[PlyCount "65"]
[WhiteFideId "12937754"]
[BlackFideId "12900494"]
[EventCountry "GER"]
[EventRounds "9"]
[EventType "swiss"]
[EventDate "2015.05.23"]

1. e4 e5 2. Nf3 Nc6 3. Bb5 Nf6 4. O-O Nxe4 5. d4 Nd6 6. dxe5 Nxb5 7. a4 d6 8.
e6 Bxe6 9. axb5 Ne7 10. Re1 g6 11. Qd4 Rg8 12. Ng5 Bg7 13. Qf4 Be5 14. Qe4 Bd5
15. Qe2 h6 16. Nf3 Bg7 17. Nc3 Be6 18. Ra4 c6 19. Nd4 Bxd4 20. Rxd4 c5 21. Rdd1
Nf5 22. Nd5 g5 23. b3 Nd4 24. Qd3 Kf8 25. Ne3 Qd7 26. Bb2 Qxb5 27. Qh7 Qd7 28.
Qxh6+ Ke8 29. Bxd4 cxd4 30. Nd5 Kd8 31. Nf6 Rg6 32. Qf8+ Kc7 33. Nxd7 1-0

[Event "DEM U18w 2015"]
[Site "Willingen GER"]
[Date "2015.05.25"]
[Round "3"]
[White "Rahimi, Anita"]
[Black "Weber, Sandra"]
[Result "0-1"]
[Termination "normal"]
[Board "9"]
[WhiteElo "1673"]
[BlackElo "1862"]
[PlyCount "62"]
[WhiteFideId "24692336"]
[BlackFideId "1270049"]
[EventCountry "GER"]
[EventRounds "9"]
[EventType "swiss"]
[EventDate "2015.05.23"]

1. Nf3 Nf6 2. g3 g6 3. Bg2 Bg7 4. O-O O-O 5. d4 d6 6. Re1 Nc6 7. e4 e5 8. d5
Ne7 9. Nbd2 Ne8 10. c4 f5 11. Qe2 Nf6 12. Rf1 h6 13. h4 Kh7 14. Nh2 Bd7 15. Nb3
fxe4 16. Nd2 e3 17. Qxe3 Nf5 18. Qf3 Nd4 19. Qd1 Bf5 20. Qa4 Bd3 21. Rd1 Bc2
22. b3 Bxd1 23. Bb2 Bc2 24. Nhf3 Nxf3+ 25. Bxf3 Qd7 26. Qb4 Rab8 27. Qc3 Bf5
28. Re1 Qf7 29. Bg2 Rbe8 30. Qe3 a6 31. b4 Ng4 0-1

[Event "DEM U18w 2015"]
[Site "Willingen GER"]
[Date "2015.05.25"]
[Round "3"]
[White "Siegel, Aurelia"]
[Black "Wolff, Marie Antoinette"]
[Result "1-0"]
[Termination "normal"]
[Board "10"]
[WhiteElo "1633"]
[BlackElo "1596"]
[PlyCount "71"]
[WhiteFideId "12929581"]
[BlackFideId "12908258"]
[EventCountry "GER"]
[EventRounds "9"]
[EventType "swiss"]
[EventDate "2015.05.23"]

1. e4 c5 2. c3 Nc6 3. d4 cxd4 4. cxd4 d6 5. Nc3 Nf6 6. Nf3 g6 7. Be3 Bg7 8. Bc4
O-O 9. O-O Bg4 10. h3 Bxf3 11. Qxf3 a6 12. Qe2 Rc8 13. a4 Nd7 14. Qd2 Nb6 15.
Be2 Na5 16. Qd1 Nbc4 17. Bxc4 Nxc4 18. Qb3 Nxe3 19. fxe3 Qd7 20. Nd5 Qe6 21.
Qxb7 Rfe8 22. Nf4 Qf6 23. Qxa6 Qg5 24. Qe2 e5 25. dxe5 Rxe5 26. Qd3 Rce8 27.
Qxd6 Rxe4 28. Qd7 Rxe3 29. Nd5 Re2 30. Qxf7+ Kh8 31. Qf3 Rxb2 32. Rae1 Rf8 33.
Qe4 Rd8 34. Nf4 Rf8 35. Ne6 Bd4+ 36. Qxd4+ 1-0

[Event "DEM U18w 2015"]
[Site "Willingen GER"]
[Date "2015.05.25"]
[Round "3"]
[White "Kovac, Linda"]
[Black "Gläser, Anne"]
[Result "1-0"]
[Termination "normal"]
[Board "11"]
[WhiteElo "1562"]
[BlackElo "1153"]
[PlyCount "43"]
[WhiteFideId "12938815"]
[BlackFideId "16208765"]
[EventCountry "GER"]
[EventRounds "9"]
[EventType "swiss"]
[EventDate "2015.05.23"]

1. d4 d5 2. Nf3 e6 3. e3 Nf6 4. Bd3 Nbd7 5. Nbd2 Be7 6. c4 c6 7. b3 b6 8. Bb2
O-O 9. O-O Bb7 10. Rc1 Rc8 11. Ne5 c5 12. f4 Ne4 13. f5 Ndf6 14. fxe6 fxe6 15.
Rf4 Qd6 16. Nxe4 Nxe4 17. Qg4 Rxf4 18. exf4 Rf8 19. cxd5 Bxd5 20. dxc5 Nxc5 21.
Nc4 Qxf4 22. Qxg7# 1-0

[Event "DEM U18w 2015"]
[Site "Willingen GER"]
[Date "2015.05.25"]
[Round "3"]
[White "Schirrmeister, Laura"]
[Black "Leinemann, Vivien Sophie"]
[Result "1-0"]
[Termination "normal"]
[Board "12"]
[WhiteElo "1166"]
[BlackElo "1425"]
[PlyCount "63"]
[WhiteFideId "24694967"]
[BlackFideId "16208536"]
[EventCountry "GER"]
[EventRounds "9"]
[EventType "swiss"]
[EventDate "2015.05.23"]

1. d4 Nf6 2. e3 e6 3. Bd3 b6 4. f4 Bb7 5. Nf3 c5 6. c3 Nc6 7. O-O Be7 8. Nbd2
Rc8 9. e4 O-O 10. Ng5 h6 11. Ngf3 cxd4 12. cxd4 d5 13. e5 Ne8 14. a3 Nc7 15. b4
a5 16. b5 Nb8 17. a4 f6 18. Nh4 f5 19. Ng6 Re8 20. g4 Bc5 21. Nb3 Qd7 22. gxf5
exf5 23. Qh5 Qf7 24. Qxf5 Qxf5 25. Bxf5 Ne6 26. dxc5 Nxc5 27. Bxc8 Nxb3 28.
Bxb7 Nxa1 29. Bxd5+ Kh7 30. Nh4 Nd7 31. Be3 Nc2 32. Be4+ 1-0

[Event "DEM U18w 2015"]
[Site "Willingen GER"]
[Date "2015.05.27"]
[Round "6"]
[White "Heinemann, Josefine"]
[Black "Böhm, Jana"]
[Result "1-0"]
[Termination "normal"]
[Board "1"]
[WhiteElo "2317"]
[BlackElo "1846"]
[WhiteClock "01:14:51"]
[BlackClock "00:53:38"]
[PlyCount "54"]
[WhiteFideId "12900460"]
[BlackFideId "24661589"]
[EventCountry "GER"]
[EventRounds "9"]
[EventType "swiss"]
[EventDate "2015.05.23"]

1. e4 c5 2. Nf3 d6 3. d4 cxd4 4. Nxd4 Nf6 5. Nc3 a6 6. Bg5 e6 7. f4 Qb6 8. Qd2
Qxb2 9. Rb1 Qa3 10. e5 h6 11. Bh4 dxe5 12. fxe5 Nfd7 13. Be2 Be7 14. Bxe7 Qxe7
15. O-O Nxe5 16. Ne4 O-O 17. Rb3 Nbc6 18. Nxc6 Nxc6 19. Nf6+ gxf6 20. Qxh6 Qc5+
21. Kh1 Qg5 22. Rg3 Qxg3 23. hxg3 f5 24. Rf4 Re8 25. Rh4 f6 26. Qg6+ Kf8 27.
Rh8+ Ke7 1-0

[Event "DEM U18w 2015"]
[Site "Willingen GER"]
[Date "2015.05.27"]
[Round "6"]
[White "Herbrig, Marie-Helen"]
[Black "Bluhm, Sonja Maria"]
[Result "0-1"]
[Termination "normal"]
[Board "2"]
[BlackTitle "WFM"]
[WhiteElo "1799"]
[BlackElo "2198"]
[WhiteClock "00:02:15"]
[BlackClock "00:01:09"]
[PlyCount "80"]
[WhiteFideId "12900427"]
[BlackFideId "24654027"]
[EventCountry "GER"]
[EventRounds "9"]
[EventType "swiss"]
[EventDate "2015.05.23"]

1. e4 c6 2. d4 d5 3. Nc3 dxe4 4. Nxe4 Bf5 5. Ng3 Bg6 6. Nf3 Nd7 7. h4 h6 8. h5
Bh7 9. Bd3 Bxd3 10. Qxd3 e6 11. Bd2 Ngf6 12. O-O-O Be7 13. Ne4 Nxe4 14. Qxe4
Nf6 15. Qe2 Qd5 16. c4 Qe4 17. Qxe4 Nxe4 18. Be3 Rc8 19. Ne5 O-O 20. f3 Ng3 21.
Rh3 Nf5 22. Bf2 Bg5+ 23. Kb1 Rfd8 24. g4 Ne7 25. Rhh1 b5 26. b3 a5 27. Nd3 Bf6
28. Nc5 bxc4 29. bxc4 Rb8+ 30. Kc2 Nc8 31. a3 Nb6 32. Kc3 e5 33. dxe5 Bxe5+ 34.
Bd4 Bd6 35. Na6 Na4+ 36. Kc2 Rb7 37. Bf2 Rb2+ 38. Kd3 Rxf2 39. Ke4 Nc3+ 40. Kd3
Be5+ 0-1

[Event "DEM U18w 2015"]
[Site "Willingen GER"]
[Date "2015.05.27"]
[Round "6"]
[White "Fesselier, Melissa"]
[Black "Hund, Sarah"]
[Result "1-0"]
[Termination "normal"]
[Board "3"]
[WhiteElo "1927"]
[BlackElo "1948"]
[WhiteClock "00:08:16"]
[BlackClock "00:15:57"]
[PlyCount "65"]
[WhiteFideId "20689284"]
[BlackFideId "12923338"]
[EventCountry "GER"]
[EventRounds "9"]
[EventType "swiss"]
[EventDate "2015.05.23"]

1. e4 e5 2. Nf3 Nc6 3. Bb5 a6 4. Ba4 Nf6 5. d3 Bc5 6. O-O b5 7. Bb3 d6 8. c3
Bb6 9. Nbd2 O-O 10. a4 Be6 11. Bc2 h6 12. h3 d5 13. Qe2 d4 14. Rd1 Re8 15. Nf1
dxc3 16. bxc3 b4 17. a5 Nxa5 18. Ba4 Bd7 19. cxb4 Nc6 20. Bb2 Nd4 21. Nxd4 exd4
22. Qf3 a5 23. bxa5 Rxa5 24. Bxd7 Qxd7 25. Rxa5 Bxa5 26. Bc1 c5 27. Bxh6 Nxe4
28. Bxg7 Nc3 29. Bf6 Ne2+ 30. Kh1 Qe6 31. Ng3 Bc7 32. Ne4 Nf4 33. Qg3+ 1-0

[Event "DEM U18w 2015"]
[Site "Willingen GER"]
[Date "2015.05.27"]
[Round "6"]
[White "Schwarz, Larissa"]
[Black "Siegl, Melina"]
[Result "1/2-1/2"]
[Termination "normal"]
[Board "4"]
[WhiteElo "1977"]
[BlackElo "1946"]
[WhiteClock "00:08:56"]
[BlackClock "00:22:15"]
[PlyCount "95"]
[WhiteFideId "24699004"]
[BlackFideId "1272126"]
[EventCountry "GER"]
[EventRounds "9"]
[EventType "swiss"]
[EventDate "2015.05.23"]

1. e4 b6 2. g3 Bb7 3. Bg2 h5 4. d3 e6 5. Nf3 Be7 6. h3 c5 7. O-O d6 8. Nc3 Nf6
9. Re1 e5 10. Nh4 g6 11. f4 Nfd7 12. Nf3 Nc6 13. Nd5 Nf6 14. fxe5 dxe5 15. Nxe7
Qxe7 16. Bg5 Qe6 17. c3 Nh7 18. Be3 O-O 19. Rf1 f6 20. Nh4 Ne7 21. Rf2 Rad8 22.
Rd2 Kg7 23. Kh2 Ng5 24. b3 Nf7 25. Qe2 Ba6 26. Rf1 Qd7 27. Qf2 Ng5 28. Rfd1 Bc8
29. d4 exd4 30. cxd4 Nxe4 31. Bxe4 g5 32. Nf5+ Nxf5 33. dxc5 Qe7 34. Bxf5 Rxd2
35. Rxd2 Bxf5 36. cxb6 axb6 37. Bxb6 Qe6 38. Re2 Qd7 39. Bc5 Rf7 40. Qg2 h4 41.
b4 hxg3+ 42. Qxg3 Qb5 43. Rf2 Be6 44. Qd6 Qc4 45. a4 Qb3 46. Qg3 Qxa4 47. Qe3
Qd7 48. Rd2 1/2-1/2

[Event "DEM U18w 2015"]
[Site "Willingen GER"]
[Date "2015.05.27"]
[Round "6"]
[White "Zahn, Alina"]
[Black "Diederichs, Luise"]
[Result "1/2-1/2"]
[Termination "normal"]
[Board "5"]
[WhiteElo "2056"]
[BlackElo "2076"]
[WhiteClock "00:34:48"]
[BlackClock "00:50:33"]
[PlyCount "46"]
[WhiteFideId "24696730"]
[BlackFideId "24661597"]
[EventCountry "GER"]
[EventRounds "9"]
[EventType "swiss"]
[EventDate "2015.05.23"]

1. e4 c5 2. Nf3 d6 3. d4 cxd4 4. Nxd4 Nf6 5. Nc3 a6 6. g3 e5 7. Nde2 Be6 8. Bg2
Be7 9. h3 b5 10. a3 Nbd7 11. g4 Nb6 12. Ng3 Rc8 13. O-O h6 14. Re1 O-O 15. Kh2
Qc7 16. f4 exf4 17. Bxf4 Nc4 18. Bc1 Ne5 19. Rf1 Rfd8 20. Qd4 Nc6 21. Qd1 Ne5
22. Qd4 Nc6 23. Qd1 Ne5 1/2-1/2

[Event "DEM U18w 2015"]
[Site "Willingen GER"]
[Date "2015.05.27"]
[Round "6"]
[White "Weber, Sandra"]
[Black "Braun, Kristin"]
[Result "1/2-1/2"]
[Termination "normal"]
[Board "6"]
[WhiteElo "1862"]
[BlackElo "1749"]
[WhiteClock "00:01:17"]
[BlackClock "00:08:46"]
[PlyCount "186"]
[WhiteFideId "1270049"]
[BlackFideId "24656534"]
[EventCountry "GER"]
[EventRounds "9"]
[EventType "swiss"]
[EventDate "2015.05.23"]

1. e4 d5 2. exd5 Nf6 3. d4 Nxd5 4. c4 Nb6 5. Nf3 g6 6. h3 Bg7 7. Nc3 O-O 8. Be3
Nc6 9. Qd2 Re8 10. Be2 e5 11. d5 Nd4 12. O-O-O Nxf3 13. gxf3 Bf5 14. Ne4 Nd7
15. Ng3 e4 16. Nxf5 gxf5 17. fxe4 fxe4 18. Rdg1 Kh8 19. Rg2 Qf6 20. Rhg1 Rg8
21. Rg4 Nb6 22. Qc2 Rae8 23. R1g3 Qe5 24. Rg5 Qf6 25. R5g4 Qe5 26. Rg5 Qf6 27.
h4 Re5 28. Bd4 Qf4+ 29. Be3 Qf6 30. R5g4 Re7 31. Kb1 Ree8 32. h5 h6 33. Rf4 Qe7
34. Rgg4 Qe5 35. Rxe4 Qxh5 36. Rh4 Qg6 37. Rxe8 Rxe8 38. Rh1 Kg8 39. Bd3 Qf6
40. Rg1 Kh8 41. Rg4 Rg8 42. Qd2 Na4 43. Bd4 Qd6 44. Rh4 Bxd4 45. Rxh6+ Kg7 46.
Rxd6 cxd6 47. Qg5+ Kf8 48. Qd8+ Kg7 49. Qxd6 Nxb2 50. Qf4 Bf6 51. Bf5 Rh8 52.
Kc2 Rh4 53. Qg3+ Kh8 54. Bd3 Nxc4 55. Bxc4 Rxc4+ 56. Kd1 Rd4+ 57. Ke2 Rxd5 58.
Qb8+ Kg7 59. Qxb7 Ra5 60. Qb3 Re5+ 61. Kf1 Ra5 62. Qg3+ Rg5 63. Qc7 a5 64. Qf4
Re5 65. f3 Rg5 66. Qe4 Re5 67. Qd3 Rg5 68. Kf2 Rh5 69. Qb3 Kg6 70. Ke3 Re5+ 71.
Kf2 Rh5 72. Qc4 Rg5 73. f4 Rh5 74. Qe4+ Kg7 75. Kg3 Rh6 76. Qf5 Rg6+ 77. Kf3
Bc3 78. Qc5 Bb4 79. Qe5+ Rf6 80. Kg4 Bd2 81. f5 Bb4 82. a4 Bd2 83. Kf3 Bb4 84.
Ke4 Be1 85. Qd4 Bb4 86. Kf4 Bd6+ 87. Kg4 Bb4 88. Kg5 Be7 89. Qe5 Bd8 90. Kg4
Kf8 91. Qc5+ Kg7 92. Qe5 Kf8 93. Qb8 Ke7 1/2-1/2

[Event "DEM U18w 2015"]
[Site "Willingen GER"]
[Date "2015.05.27"]
[Round "6"]
[White "Greßmann, Hanna"]
[Black "Poetsch, Leonore"]
[Result "0-1"]
[Termination "normal"]
[Board "7"]
[WhiteElo "1717"]
[BlackElo "1657"]
[PlyCount "62"]
[WhiteFideId "12930709"]
[BlackFideId "12940372"]
[EventCountry "GER"]
[EventRounds "9"]
[EventType "swiss"]
[EventDate "2015.05.23"]

1. d4 e6 2. Nf3 c5 3. e3 Nc6 4. c3 Nf6 5. Bd3 d5 6. Nbd2 Be7 7. O-O O-O 8. Qe2
cxd4 9. exd4 b6 10. Re1 Bb7 11. Ne5 Nxe5 12. dxe5 Nd7 13. Qg4 Nc5 14. Bc2 f5
15. exf6 Rxf6 16. Nf3 Ne4 17. Bxe4 dxe4 18. Nd4 Rg6 19. Qe2 Qd5 20. Be3 Rf8 21.
Rad1 Qxa2 22. Ra1 Qd5 23. Rxa7 e5 24. c4 Qd7 25. Nb5 Bh4 26. Qh5 Bxf2+ 27. Bxf2
Rxf2 28. Kxf2 Qd2+ 29. Re2 e3+ 30. Kf1 Qd1+ 31. Re1 Bxg2+ 0-1

[Event "DEM U18w 2015"]
[Site "Willingen GER"]
[Date "2015.05.27"]
[Round "6"]
[White "Wolff, Marie Antoinette"]
[Black "Rosmait, Emily"]
[Result "0-1"]
[Termination "normal"]
[Board "8"]
[WhiteElo "1596"]
[BlackElo "1928"]
[PlyCount "104"]
[WhiteFideId "12908258"]
[BlackFideId "12937754"]
[EventCountry "GER"]
[EventRounds "9"]
[EventType "swiss"]
[EventDate "2015.05.23"]

1. c4 c5 2. Nc3 Nf6 3. g3 d5 4. cxd5 Nxd5 5. Bg2 Nc7 6. Nf3 Nc6 7. O-O e5 8. d3
Be7 9. Be3 Be6 10. a3 f6 11. Rc1 Qd7 12. Ne4 b6 13. Qc2 Rc8 14. b4 Nd4 15. Bxd4
cxd4 16. Qc6 O-O 17. Qxd7 Bxd7 18. e3 dxe3 19. fxe3 Bb5 20. Rfd1 Nd5 21. Rxc8
Rxc8 22. Bh3 Rd8 23. Be6+ Kf8 24. Bxd5 Rxd5 25. d4 Be2 26. Rd2 Bxf3 27. Nc3 Rd7
28. d5 e4 29. Kf2 f5 30. Nb5 Bh5 31. d6 Bf6 32. Rd5 a6 33. Nc7 Bf7 34. Rxf5
Rxd6 35. Nxa6 Rd2+ 36. Kg1 Rd3 37. Kf2 Rxa3 38. b5 Ra2+ 39. Kg1 Re2 40. h4 Rxe3
41. Kf2 Bd4 42. Kg2 g6 43. Rf2 Be5 44. Nb4 Bxg3 45. Rf1 Kg7 46. Nc6 Bxh4 47.
Ne5 Be6 48. Rh1 Bf6 49. Nc6 Rb3 50. Na7 e3 51. Re1 Bd5+ 52. Kf1 h5 0-1

[Event "DEM U18w 2015"]
[Site "Willingen GER"]
[Date "2015.05.27"]
[Round "6"]
[White "Leinemann, Vivien Sophie"]
[Black "Rahimi, Anita"]
[Result "0-1"]
[Termination "normal"]
[Board "10"]
[WhiteElo "1425"]
[BlackElo "1673"]
[PlyCount "100"]
[WhiteFideId "16208536"]
[BlackFideId "24692336"]
[EventCountry "GER"]
[EventRounds "9"]
[EventType "swiss"]
[EventDate "2015.05.23"]

1. e4 c5 2. Nf3 d6 3. d4 cxd4 4. Nxd4 Nc6 5. Be3 a6 6. Nc3 e5 7. Nb3 Be6 8. Qd2
Qc7 9. f3 Nf6 10. g4 h6 11. O-O-O Be7 12. Nd5 Bxd5 13. exd5 Na7 14. h3 Nc8 15.
Bg2 Nb6 16. f4 exf4 17. Bxf4 Rc8 18. c3 O-O 19. g5 hxg5 20. Bxg5 Nc4 21. Qd3
Nh7 22. Bxe7 Qxe7 23. Be4 f5 24. Bf3 Qe3+ 25. Qxe3 Nxe3 26. Rdg1 Nf6 27. Rg3 f4
28. Rg6 Kh8 29. Nd4 Rf7 30. Rhg1 Nc4 31. Bg4 Nxg4 32. R6xg4 Rcc7 33. Ne6 f3 34.
Nxc7 f2 35. Rf1 Ne3 36. Rxf2 Rxf2 37. Rg6 Rc2+ 38. Kb1 Rd2 39. a3 Nc4 40. Ne6
Rxb2+ 41. Kc1 Rb3 42. Rxg7 Rxc3+ 43. Kd1 Rxh3 44. Rxb7 Rxa3 45. Rb8+ Kh7 46.
Ng5+ Kg6 47. Rg8+ Kf5 48. Nf7 Ke4 49. Rg6 Kxd5 50. Rg5+ Ne5 0-1

[Event "DEM U18w 2015"]
[Site "Willingen GER"]
[Date "2015.05.27"]
[Round "6"]
[White "Wagner, Swenja"]
[Black "Kovac, Linda"]
[Result "1-0"]
[Termination "normal"]
[Board "11"]
[WhiteElo "1619"]
[BlackElo "1562"]
[PlyCount "29"]
[WhiteFideId "12900494"]
[BlackFideId "12938815"]
[EventCountry "GER"]
[EventRounds "9"]
[EventType "swiss"]
[EventDate "2015.05.23"]

1. e4 c5 2. Nf3 a6 3. d4 cxd4 4. Nxd4 Qc7 5. Nc3 b5 6. Be3 e6 7. f4 b4 8. Na4
Bb7 9. e5 d6 10. Nf3 Nc6 11. Bb6 Qb8 12. Qd2 dxe5 13. O-O-O Bc8 14. Nxe5 Nge7
15. Qd8+ 1-0

[Event "DEM U18w 2015"]
[Site "Willingen GER"]
[Date "2015.05.27"]
[Round "6"]
[White "Schirrmeister, Laura"]
[Black "Gläser, Anne"]
[Result "1/2-1/2"]
[Termination "normal"]
[Board "12"]
[WhiteElo "1166"]
[BlackElo "1153"]
[PlyCount "85"]
[WhiteFideId "24694967"]
[BlackFideId "16208765"]
[EventCountry "GER"]
[EventRounds "9"]
[EventType "swiss"]
[EventDate "2015.05.23"]

1. d4 Nf6 2. e3 g6 3. Bd3 Bg7 4. f4 O-O 5. Nf3 d6 6. O-O Nc6 7. c3 Re8 8. Nbd2
e5 9. fxe5 dxe5 10. a3 e4 11. Bc4 exf3 12. Nxf3 Bg4 13. Qe1 Bxf3 14. Rxf3 Qd7
15. Qh4 Qd6 16. g4 Re7 17. Bd2 Ne4 18. Raf1 Rf8 19. Rh3 h6 20. Bc1 Ng5 21. e4
Nxh3+ 22. Qxh3 Rxe4 23. Bd3 Re7 24. Bxh6 Bxh6 25. Qxh6 Rfe8 26. g5 Re1 27. Qh3
Rxf1+ 28. Qxf1 Qe7 29. Bc4 Qxg5+ 30. Qg2 Qxg2+ 31. Kxg2 Re2+ 32. Bxe2 Kf8 33.
Kg3 Ke7 34. Kf4 Kf6 35. h4 Ne7 36. Bf3 b6 37. Kg4 Nf5 38. h5 a5 39. hxg6 fxg6
40. Be4 Ne3+ 41. Kf4 Nc4 42. Bc6 Nxb2 43. Bg2 1/2-1/2